| 000 | 00700nam a2200229 a 4500 | ||
|---|---|---|---|
| 001 | 73137 | ||
| 003 | BD-RjUL | ||
| 005 | 20211209082343.0 | ||
| 008 | 170528r19631959xx 001 0 eng | ||
| 035 | _a(BD-RjUL)73355 | ||
| 040 |
_aDLC _cFTaSU _dBD-RjUL _beng |
||
| 041 | _aeng | ||
| 082 |
_a621.384166 _223 _bBEB 1963 |
||
| 100 | 1 |
_aBerens, Julius. _9216342 |
|
| 245 | 1 | 0 |
_aBuilding the amateur radio station / _cJulius Berens. |
| 260 |
_aNew York : _bJ. F. Rider, _c1959, [third printing 1963] |
||
| 300 |
_aviii, 128 p. : _bill. ; _c22 cm. |
||
| 500 | _aFirst ed. by Julius Berens. | ||
| 650 | 0 |
_aAmateur radio stations. _9216343 |
|
| 650 | 0 |
_aRadio _xAmateurs' manuals. _9216344 |
|
| 942 |
_2ddc _cBK |
||
| 999 |
_c73137 _d73137 |
||